[Event "ICS rated standard match"]
[Site "204.178.125.65"]
[Date "2000.08.16"]
[Round "?"]
[White "Vulkan"]
[Black "Hossa"]
[Result "0-1"]
[WhiteElo "2145"]
[BlackElo "2344"]
[PlyCount "104"]
[EventDate "2000.??.??"]

1. e4 e5 2. Nf3 Nc6 3. Bb5 a6 4. Ba4 Nf6 5. O-O Be7 6. Re1 b5 7. Bb3 d6 8. c3
O-O 9. h3 Na5 10. Bc2 c5 11. d4 Qc7 12. Nbd2 cxd4 13. cxd4 Bd7 14. Nf1 Rac8 15.
Bd3 Nc6 16. Be3 Nb4 17. Rc1 Qb8 18. Bb1 Rxc1 19. Bxc1 Rc8 20. d5 Qc7 21. Ng3
Nc2 22. Rf1 b4 23. Bd2 Bb5 24. Ne2 Nxe4 25. Bxb4 Nxb4 26. Bxe4 Qc4 27. Ng3 Qxa2
28. Re1 Qxb2 29. Nf5 Bf8 30. Ng5 g6 31. Nh4 Rc7 32. Qf3 Qd2 33. Re3 h6 34. Nxg6
fxg6 35. Qf6 hxg5 36. Qxg6+ Rg7 37. Qe6+ Rf7 38. Rf3 Be8 39. Bg6 Qd1+ 40. Kh2
Qxd5 41. Bxf7+ Bxf7 42. Qg4 e4 43. Rf5 Qe6 44. Rxg5+ Kh7 45. Qh4+ Bh6 46. Rg4
Bg6 47. Qd8 Qe5+ 48. g3 Nd3 49. Qd7+ Qg7 50. Qxd6 Qf7 51. f4 exf3 52. Rc4 Qxc4
{Vulkan resigns} 0-1

[Event "ICS rated standard match"]
[Site "204.178.125.65"]
[Date "2000.08.16"]
[Round "?"]
[White "Hossa"]
[Black "Vulkan"]
[Result "1-0"]
[WhiteElo "2347"]
[BlackElo "2128"]
[PlyCount "99"]
[EventDate "2000.??.??"]

1. e4 d6 2. d4 Nf6 3. Nc3 g6 4. Nf3 Bg7 5. h3 O-O 6. Be3 c6 7. a4 Qc7 8. Bd3 a5
9. O-O Na6 10. Qd2 e5 11. dxe5 dxe5 12. Bh6 Rd8 13. Bxg7 Kxg7 14. Qg5 Nd7 15.
Qe7 Rf8 16. Bxa6 Rxa6 17. Rfd1 Rb6 18. b3 Qd8 19. Qxd8 Rxd8 20. Nxe5 f6 21.
Nxd7 Rxd7 22. Rxd7+ Bxd7 23. Rd1 Be6 24. Rd8 Rb4 25. f3 Kf7 26. Kf2 Ke7 27. Rb8
Kd6 28. Ra8 b6 29. Ke3 h5 30. Na2 Rxa4 31. bxa4 Bxa2 32. Rd8+ Kc5 33. Rf8 b5
34. axb5 cxb5 35. Rxf6 b4 36. Rxg6 Bc4 37. Rg5+ Kb6 38. Rxh5 a4 39. Rh6+ Ka5
40. Kd4 Bb5 41. c4 Ba6 42. Rxa6+ Kxa6 43. Kd3 Kb6 44. h4 Kc5 45. h5 a3 46. Kc2
Kxc4 47. h6 b3+ 48. Kb1 b2 49. Kc2 a2 50. Kxb2 {Vulkan resigns} 1-0

[Event "ICS rated blitz match"]
[Site "204.178.125.65"]
[Date "2000.08.16"]
[Round "?"]
[White "Hossa"]
[Black "taxadviser"]
[Result "1/2-1/2"]
[WhiteElo "2472"]
[BlackElo "2276"]
[PlyCount "78"]
[EventDate "2000.??.??"]

1. e4 c6 2. d4 g6 3. Nc3 Bg7 4. Nf3 d5 5. exd5 cxd5 6. Bf4 Nc6 7. Nb5 Kf8 8.
Be2 a6 9. Nc3 Bg4 10. h3 Bxf3 11. Bxf3 e6 12. Be3 Nge7 13. Ne2 Nf5 14. c3 Nxe3
15. fxe3 Bh6 16. Qd3 Kg7 17. O-O f5 18. b3 Qd7 19. c4 Ne7 20. Nc3 Rad8 21. a3
Rhf8 22. Rab1 Bg5 23. Rb2 Bf6 24. cxd5 Nxd5 25. Nxd5 exd5 26. b4 Rfe8 27. Re2
Bg5 28. Qc3 Re6 29. Rc1 Rc6 30. Qe1 Rxc1 31. Qxc1 Rc8 32. Qe1 Qe6 33. h4 Bh6
34. Kh1 Rc6 35. a4 Qc8 36. Qd2 Qe6 37. Qe1 Qc8 38. Qd2 Qe6 39. Qe1 Qc8 1/2-1/2

[Event "ICS rated blitz match"]
[Site "204.178.125.65"]
[Date "2000.08.16"]
[Round "?"]
[White "taxadviser"]
[Black "Hossa"]
[Result "0-1"]
[WhiteElo "2284"]
[BlackElo "2464"]
[PlyCount "136"]
[EventDate "2000.??.??"]

1. d4 Nf6 2. e3 g6 3. Bd3 Bg7 4. Nd2 Nc6 5. c3 e5 6. Ngf3 exd4 7. exd4 O-O 8.
O-O Re8 9. Re1 Rxe1+ 10. Qxe1 d5 11. h3 Ne7 12. Nf1 Bf5 13. Bxf5 Nxf5 14. Bf4
Qd7 15. Qd1 Re8 16. Be5 Qc6 17. Qd3 Ne4 18. Bxg7 Nxg7 19. Re1 Qa4 20. a3 Qb3
21. Re2 Ne6 22. g3 f6 23. Ne3 f5 24. Ne5 N6g5 25. Kg2 a5 26. f3 Nd6 27. Qc2
Qxc2 28. Rxc2 c6 29. Nd1 f4 30. g4 Ngf7 31. Nxf7 Kxf7 32. Kf2 Nc4 33. a4 Ne3
34. Rd2 b5 35. axb5 cxb5 36. Rd3 Nc4 37. b3 Nb6 38. Rd2 a4 39. Rb2 a3 40. Ra2
Ra8 41. Ke2 Nd7 42. Nf2 g5 43. Nd3 Re8+ 44. Ne5+ Nxe5 45. dxe5 Rxe5+ 46. Kf2
Re3 47. Rxa3 Rxc3 48. Ra7+ Ke6 49. Rxh7 Rxb3 50. Rg7 Kf6 51. Rd7 Rb2+ 52. Kf1
Ke6 53. Rg7 Rh2 54. Rxg5 Rxh3 55. Ke2 Rh2+ 56. Ke1 b4 57. Rg6+ Ke5 58. Rb6 Rb2
59. g5 Kd4 60. g6 Ke3 61. Kd1 Kxf3 62. g7 Rg2 63. Rxb4 Rxg7 64. Rd4 Ke3 65.
Rxd5 Rg1+ 66. Kc2 f3 67. Re5+ Kf4 68. Re8 f2 {taxadviser resigns} 0-1

[Event "ICS rated standard match"]
[Site "204.178.125.65"]
[Date "2000.08.16"]
[Round "?"]
[White "Youngwife"]
[Black "Hossa"]
[Result "1-0"]
[WhiteElo "2314"]
[BlackElo "2350"]
[PlyCount "125"]
[EventDate "2000.??.??"]

1. e4 e5 2. Nf3 Nc6 3. Bb5 a6 4. Ba4 Nf6 5. O-O Be7 6. Re1 b5 7. Bb3 d6 8. c3
O-O 9. h3 Na5 10. Bc2 c5 11. d3 Be6 12. d4 cxd4 13. cxd4 Qc7 14. d5 Bd7 15. a3
Ne8 16. Re3 f5 17. Rc3 Qb7 18. Nfd2 Nf6 19. b4 Nc4 20. Nxc4 bxc4 21. Rxc4 Bb5
22. Rc3 Nxe4 23. Rf3 Bc4 24. Bxe4 fxe4 25. Rxf8+ Rxf8 26. Nc3 Bh4 27. Be3 Qf7
28. Qc2 Bd3 29. Qd2 Qg6 30. Rc1 Qf5 31. a4 Qf7 32. b5 axb5 33. axb5 Qf5 34. b6
Ra8 35. Na2 Qf7 36. Rc7 Qxd5 37. b7 Bd8 38. bxa8=R Qxa8 39. Ra7 Qb8 40. Qc3
Qb1+ 41. Nc1 Qc2 42. Qxc2 Bxc2 43. Ra8 Kf7 44. Rxd8 Ke6 45. Re8+ Kf7 46. Rc8
Ba4 47. Rc7+ Kf6 48. Ne2 d5 49. Nc3 Bb3 50. Bc5 h5 51. Rc6+ Kf7 52. Rd6 d4 53.
Nxe4 Ke8 54. Nd2 Ba2 55. Nf3 e4 56. Ne5 e3 57. fxe3 dxe3 58. Rc6 Kd8 59. Bxe3
Ke8 60. Bg5 Be6 61. Rd6 Bd7 62. Rxd7 h4 63. Rd8# {Hossa checkmated} 1-0

[Event "ICS rated blitz match"]
[Site "204.178.125.65"]
[Date "2000.08.16"]
[Round "?"]
[White "Hossa"]
[Black "PostModernist"]
[Result "1/2-1/2"]
[WhiteElo "2472"]
[BlackElo "2672"]
[PlyCount "218"]
[EventDate "2000.??.??"]

1. e4 c5 2. Nf3 g6 3. d4 Bg7 4. dxc5 Nf6 5. e5 Ng4 6. e6 dxe6 7. Qxd8+ Kxd8 8.
Ng5 Ne5 9. Bf4 Nbd7 10. Nc3 h6 11. Bxe5 Nxe5 12. O-O-O+ Bd7 13. Nge4 f5 14. Ng3
Rc8 15. f4 Nc6 16. Bb5 Bxc3 17. bxc3 Ke8 18. Rd2 Nb8 19. a4 Bxb5 20. axb5 Rxc5
21. Rhd1 Kf7 22. Rd8 Re8 23. c4 Rxc4 24. Ne2 a5 25. bxa6 bxa6 26. Rxe8 Kxe8 27.
Nd4 Nc6 28. Nxc6 Rxc6 29. Rd3 Kf7 30. h4 e5 31. fxe5 Ke6 32. Re3 f4 33. Re4 Kf5
34. Re1 Re6 35. h5 gxh5 36. Rh1 Kg4 37. Rh3 Rxe5 38. Kd2 Rd5+ 39. Ke2 e5 40.
Ra3 a5 41. c4 Rc5 42. Kd3 Kg3 43. Ra2 f3 44. gxf3 h4 45. f4 exf4 46. Kd4 f3 47.
Kxc5 h3 48. Kd6 h2 49. Ra1 f2 50. c5 Kg2 51. c6 f1=Q 52. Rxf1 Kxf1 53. c7 h1=Q
54. c8=Q Qh2+ 55. Kd5 Qg2+ 56. Kd4 Qf2+ 57. Kd5 Qf3+ 58. Kd4 Qf4+ 59. Kd3 a4
60. Qe6 a3 61. Kc3 Qg3+ 62. Kc4 a2 63. Qf6+ Qf2 64. Qa1+ Qe1 65. Qf6+ Kg2 66.
Qc6+ Kg3 67. Qd6+ Kf3 68. Qf6+ Kg4 69. Qg6+ Kh3 70. Qf5+ Kh2 71. Qh5+ Kg3 72.
Qg6+ Kf2 73. Qf6+ Kg1 74. Qg6+ Kh1 75. Qxh6+ Kg2 76. Qc6+ Kg3 77. Qc7+ Kf3 78.
Qf7+ Kg2 79. Qb7+ Kh3 80. Qd7+ Kh2 81. Qh7+ Kg1 82. Qg7+ Kf1 83. Qf6+ Ke2 84.
Qe5+ Kf2 85. Qb2+ Kf3 86. Qf6+ Kg3 87. Qg7+ Kf4 88. Qf6+ Kg4 89. Qg7+ Kf5 90.
Qf7+ Kg5 91. Qg7+ Kh5 92. Qh7+ Kg5 93. Qg7+ Kh4 94. Qh7+ Kg3 95. Qc7+ Kf2 96.
Qf7+ Ke2 97. Qh5+ Kd2 98. Qa5+ Kd1 99. Qa4+ Kc1 100. Qa3+ Kb1 101. Qd3+ Kb2
102. Qd4+ Kc2 103. Qd3+ Kc1 104. Qa3+ Kb1 105. Qd3+ Ka1 106. Qd4+ Kb1 107. Qd3+
Ka1 108. Qd4+ Kb1 109. Qd3+ Ka1 1/2-1/2

[Event "ICS rated standard match"]
[Site "204.178.125.65"]
[Date "2000.08.16"]
[Round "?"]
[White "chuda"]
[Black "Hossa"]
[Result "0-1"]
[WhiteElo "2067"]
[BlackElo "2332"]
[PlyCount "28"]
[EventDate "2000.??.??"]

1. e4 e5 2. Nf3 Nc6 3. Bb5 a6 4. Ba4 Nf6 5. O-O Be7 6. Re1 b5 7. Bb3 O-O 8. a4
b4 9. d3 d6 10. Nbd2 Bg4 11. Nf1 Nd4 12. Ne3 Bxf3 13. gxf3 Qd7 14. Bc4 Qh3 {
chuda resigns} 0-1

[Event "ICS rated standard match"]
[Site "204.178.125.65"]
[Date "2000.08.16"]
[Round "?"]
[White "chuda"]
[Black "Hossa"]
[Result "0-1"]
[WhiteElo "2056"]
[BlackElo "2343"]
[PlyCount "40"]
[EventDate "2000.??.??"]

1. e4 e5 2. Nf3 Nc6 3. Bb5 a6 4. Ba4 Nf6 5. O-O Be7 6. Re1 b5 7. Bb3 O-O 8. a4
b4 9. d3 d6 10. h3 Be6 11. Nbd2 Na5 12. Bxe6 fxe6 13. b3 Nd7 14. Nf1 Nc6 15.
Be3 Qe8 16. d4 exd4 17. Nxd4 Nxd4 18. Bxd4 Qf7 19. Qg4 c5 20. Bxg7 h5 {
chuda resigns} 0-1

[Event "ICS Rated standard match"]
[Site "204.178.125.65"]
[Date "2000.08.16"]
[Round "?"]
[White "Hossa"]
[Black "chuda"]
[Result "1-0"]
[WhiteElo "2348"]
[BlackElo "2051"]
[PlyCount "83"]
[EventDate "2000.??.??"]

1. e4 d5 2. exd5 Nf6 3. d4 Bg4 4. f3 Bf5 5. Bb5+ Nbd7 6. c4 e6 7. dxe6 Bxe6 8.
d5 Bf5 9. Nc3 a6 10. Ba4 Bc5 11. Qe2+ Qe7 12. Bf4 O-O-O 13. O-O-O Rhe8 14. Qxe7
Rxe7 15. g4 Bg6 16. Bc2 Bxc2 17. Kxc2 Rde8 18. Nh3 Ne5 19. Bxe5 Rxe5 20. Nf4
Re3 21. Rhf1 g5 22. Ng2 R3e7 23. Rfe1 h5 24. Rxe7 Rxe7 25. gxh5 Re8 26. a3 Rh8
27. Rh1 Rxh5 28. h3 Nd7 29. b4 Bf8 30. f4 g4 31. Re1 Nf6 32. hxg4 Rh2 33. Re2
Nxg4 34. Re8+ Kd7 35. Rxf8 Rxg2+ 36. Kb3 Ke7 37. d6+ cxd6 38. Rb8 Ke6 39. Rxb7
Rf2 40. Nd5 Nf6 41. Re7+ Kf5 42. Rxf7 {chuda resigns} 1-0

[Event "ICS rated blitz match"]
[Site "204.178.125.65"]
[Date "2000.08.16"]
[Round "?"]
[White "PostModernist"]
[Black "Hossa"]
[Result "0-1"]
[WhiteElo "2664"]
[BlackElo "2480"]
[PlyCount "208"]
[EventDate "2000.??.??"]

1. d4 Nf6 2. c4 Nc6 3. Nf3 e6 4. Nc3 d5 5. Bg5 dxc4 6. e4 h6 7. Bh4 g5 8. Bg3
Bb4 9. Bxc4 Nxe4 10. Rc1 Nxg3 11. hxg3 g4 12. Nh2 f5 13. a3 Ba5 14. b4 Bb6 15.
d5 Ne5 16. Bb5+ c6 17. dxc6 bxc6 18. Qxd8+ Bxd8 19. Be2 a5 20. b5 Be7 21. a4
Bb7 22. O-O Rd8 23. b6 Bc5 24. Ne4 Ba3 25. Nc5 Bxc1 26. Rxc1 Rh7 27. f4 Rd2 28.
Re1 Ng6 29. Bd3 Re7 30. Nxb7 Rxb7 31. Bxf5 Ne7 32. Bxg4 Rxb6 33. Rxe6 Rbb2 34.
Bf3 Ra2 35. Nf1 Kd7 36. Rxe7+ Kxe7 37. Nxd2 Rxd2 38. Bxc6 Kd6 39. Be8 Re2 40.
Bb5 Rb2 41. Be8 Rb8 42. Bh5 Rb1+ 43. Kh2 Ke7 44. Bg6 Ra1 45. Bc2 Kd6 46. g4 Ra2
47. Bd1 Rd2 48. Bf3 Rd4 49. g3 Rxa4 50. g5 hxg5 51. fxg5 Ke5 52. Bh5 Ra2+ 53.
Kh3 Rd2 54. g4 Kf4 55. Be8 Kxg5 56. Kg3 Rd3+ 57. Kf2 Kxg4 58. Ke2 Rg3 59. Kd2
Kf4 60. Kc2 Ke5 61. Ba4 Kd4 62. Kb2 Kc4 63. Bc6 Kb4 64. Bb7 a4 65. Bd5 a3+ 66.
Kb1 Kc3 67. Ka2 Rd3 68. Be6 Rd2+ 69. Kb1 Rf2 70. Ka1 Rf1+ 71. Ka2 Re1 72. Bd5
Re2+ 73. Ka1 Rb2 74. Be4 Rd2 75. Bh7 Rd4 76. Bg8 Re4 77. Ka2 Re5 78. Ka1 Rh5
79. Bf7 Rb5 80. Ka2 Rf5 81. Be6 Re5 82. Bf7 Rg5 83. Kb1 Rf5 84. Be6 Rb5+ 85.
Ka1 Rb4 86. Ka2 Rd4 87. Kb1 Rd6 88. Bg8 Rg6 89. Bf7 Rg2 90. Ka1 Rg4 91. Ka2 Rd4
92. Be8 Rd8 93. Bf7 Rd7 94. Be6 Rd6 95. Bf7 Rd1 96. Be6 Rf1 97. Bg4 Rf2+ 98.
Kxa3 Rg2 99. Bf3 Rg3 100. Bd1 Rg1 101. Bb3 Rh1 102. Ka2 Rh2+ 103. Ka3 Rh8 104.
Ka4 Ra8+ 0-1

[Event "ICS rated standard match"]
[Site "204.178.125.65"]
[Date "2000.08.16"]
[Round "?"]
[White "sansan"]
[Black "Hossa"]
[Result "0-1"]
[WhiteElo "1903"]
[BlackElo "2353"]
[PlyCount "80"]
[EventDate "2000.??.??"]

1. e4 e5 2. Nf3 Nc6 3. Bb5 a6 4. Ba4 Nf6 5. O-O Be7 6. Re1 b5 7. Bb3 O-O 8. c3
d6 9. d4 Bg4 10. d5 Na5 11. Nbd2 Nxb3 12. Qxb3 Nd7 13. c4 Nc5 14. Qe3 f5 15. b4
Nxe4 16. Nxe4 fxe4 17. Ng5 bxc4 18. Nxe4 Qd7 19. f3 Bf5 20. a4 c6 21. Nc3 cxd5
22. Nxd5 Bd8 23. Bb2 Qc6 24. Red1 Rb8 25. Bc3 Rb7 26. a5 Qb5 27. Rd2 Bd3 28.
Nb6 Rxb6 29. Kh1 Rb7 30. Rad1 Bh4 31. Qg1 Rbf7 32. h3 Bg3 33. Rb2 e4 34. fxe4
Rf1 35. Rxf1 Rxf1 36. Qxf1 Bxf1 37. Rd2 Bd3 38. Kg1 Qg5 39. e5 Qe3+ 40. Kh1
Qe1# {sansan checkmated} 0-1

[Event "ICS rated blitz match"]
[Site "204.178.125.65"]
[Date "2000.08.16"]
[Round "?"]
[White "Hossa"]
[Black "Dorky"]
[Result "1-0"]
[WhiteElo "2515"]
[BlackElo "2385"]
[PlyCount "22"]
[EventDate "2000.??.??"]

1. e4 c6 2. d4 d5 3. Nc3 dxe4 4. Nxe4 Nd7 5. Bd3 e5 6. Bg5 Qa5+ 7. Bd2 Qb6 8.
dxe5 Nxe5 9. Bc3 Be6 10. Bxe5 Rd8 11. Nf3 Rxd3 {Dorky resigns} 1-0

[Event "ICS rated blitz match"]
[Site "204.178.125.65"]
[Date "2000.08.16"]
[Round "?"]
[White "Dorky"]
[Black "Hossa"]
[Result "0-1"]
[WhiteElo "2375"]
[BlackElo "2525"]
[PlyCount "28"]
[EventDate "2000.??.??"]

1. d4 Nf6 2. Nf3 e6 3. c4 Bb4+ 4. Nbd2 O-O 5. a3 Be7 6. e3 d5 7. Bd3 c5 8. O-O
cxd4 9. exd4 Nc6 10. Nb3 dxc4 11. Bxc4 b6 12. Qe2 Bb7 13. Bxe6 fxe6 14. Qxe6+
Kh8 {Dorky resigns} 0-1

[Event "ICS rated blitz match"]
[Site "204.178.125.65"]
[Date "2000.08.16"]
[Round "?"]
[White "Hossa"]
[Black "Kurios"]
[Result "0-1"]
[WhiteElo "2543"]
[BlackElo "2658"]
[PlyCount "166"]
[EventDate "2000.??.??"]

1. e4 c5 2. Nf3 d6 3. Bb5+ Bd7 4. Nc3 Bxb5 5. Nxb5 Nf6 6. d3 e5 7. O-O Be7 8.
Nd2 O-O 9. f4 Nc6 10. fxe5 Nxe5 11. Nf3 Qd7 12. Nc3 Neg4 13. h3 Ne5 14. Bf4 Ng6
15. Bg5 Rae8 16. Rb1 Nh5 17. Bxe7 Qxe7 18. Nd5 Qd8 19. Nd2 Ng3 20. Rf3 Qg5 21.
Nc4 Ne5 22. Nxe5 Qxe5 23. Qe1 Ne2+ 24. Qxe2 Qxd5 25. c4 Qe6 26. Qf2 Re7 27. Rf1
f6 28. Rf5 b5 29. b3 bxc4 30. bxc4 Rb7 31. Rf3 Rfb8 32. Qd2 Rb2 33. Qa5 Qe7 34.
Rf5 Kf7 35. a3 R8b3 36. Rd5 Ra2 37. Qe1 Rbb2 38. Qg3 a5 39. Rh5 h6 40. Rd5 a4
41. h4 Rxa3 42. Rxd6 Raa2 43. Rd5 a3 44. h5 Rxg2+ 45. Qxg2 Rxg2+ 46. Kxg2 Qa7
47. Kf3 a2 48. Ra1 Ke6 49. Rf5 Qa3 50. Ke3 Qb2 51. Rff1 Kd6 52. Rg1 Ke6 53.
Rgf1 Kd6 54. Rg1 Qd4+ 55. Kd2 Qf2+ 56. Kc3 Qd4+ 57. Kd2 Qe5 58. Kc2 Qxh5 59.
Rgd1 Qe2+ 60. Rd2 Qe3 61. Rxa2 h5 62. Ra6+ Ke5 63. Ra7 g5 64. Ra1 Qf4 65. Kc3
h4 66. Ra5 Kd6 67. Ra6+ Ke7 68. Kc2 h3 69. Ra8 g4 70. Rd1 g3 71. Ra7+ Ke6 72.
Ra6+ Ke5 73. Ra8 h2 74. Re8+ Kd4 75. Rd8+ Ke3 76. Rg8 Qf2+ 77. Kb1 g2 78. Rxg2
Qxg2 79. Rc1 Kxd3 80. Rd1+ Kc3 81. Rc1+ Kb3 82. Rc2 Qxc2+ 83. Ka1 h1=Q# {
Hossa checkmated} 0-1

[Event "ICS rated blitz match"]
[Site "204.178.125.65"]
[Date "2000.08.17"]
[Round "?"]
[White "Kurios"]
[Black "Hossa"]
[Result "1-0"]
[WhiteElo "2671"]
[BlackElo "2532"]
[PlyCount "131"]
[EventDate "2000.??.??"]

1. e4 e5 2. Nf3 Nc6 3. Bb5 Nf6 4. Qe2 Bd6 5. O-O a6 6. Bxc6 dxc6 7. d4 Bg4 8.
dxe5 Bxe5 9. Nbd2 Qe7 10. Qe3 Bxf3 11. Nxf3 Ng4 12. Qg5 Qxg5 13. Bxg5 Bd6 14.
h3 Ne5 15. Nxe5 Bxe5 16. Rad1 f6 17. Bc1 Bd6 18. f3 Kf7 19. Kf2 Rad8 20. Rd3
Bc5+ 21. Be3 Rxd3 22. cxd3 Bd6 23. Rc1 Rd8 24. Rc4 g5 25. Ke2 Bg3 26. a4 h5 27.
a5 Bd6 28. Rc3 Rb8 29. Ba7 Ra8 30. Bf2 Bb4 31. Rb3 c5 32. d4 Bxa5 33. Rxb7 c4
34. Bg3 Rc8 35. h4 gxh4 36. Bxh4 Rg8 37. Kf1 Kg6 38. d5 Ra8 39. Bg3 Rh8 40.
Bxc7 Bxc7 41. Rxc7 Rb8 42. Rxc4 Rxb2 43. Rc6 a5 44. e5 Kf5 45. e6 Rb1+ 46. Kf2
Rb2+ 47. Kg3 h4+ 48. Kh3 Rb1 49. Kxh4 Rb7 50. Ra6 Rg7 51. Rxa5 Rxg2 52. e7 Rg8
53. f4 Rb8 54. Kg3 Rh8 55. Ra7 Rb8 56. Rd7 Rg8+ 57. Kf2 Re8 58. Kf3 Kg6 59. d6
Kf7 60. f5 Rb8 61. Rd8 Rb3+ 62. Kg4 Kg7 63. e8=Q Rb4+ 64. Kh5 Rh4+ 65. Kxh4 Kh7
66. Qg6# {Hossa checkmated} 1-0

[Event "ICS rated blitz match"]
[Site "204.178.125.65"]
[Date "2000.08.17"]
[Round "?"]
[White "Hossa"]
[Black "PostModernist"]
[Result "0-1"]
[WhiteElo "2522"]
[BlackElo "2637"]
[PlyCount "184"]
[EventDate "2000.??.??"]

1. e4 Nc6 2. Nf3 f5 3. exf5 d5 4. Bb5 Bxf5 5. Ne5 Qd6 6. d4 Bd7 7. Bxc6 Bxc6 8.
b3 O-O-O 9. Ba3 Qf6 10. O-O h5 11. c4 Kb8 12. Nc3 dxc4 13. bxc4 g5 14. Re1 Bg7
15. d5 Be8 16. Rb1 b6 17. Qd2 e6 18. Qc2 h4 19. Bb2 Qf5 20. Qxf5 exf5 21. Ne2
f4 22. Nd4 Rc8 23. Nec6+ Kb7 24. Nd8+ Rxd8 25. Ne6 Rc8 26. Bxg7 Rh5 27. Re5 Bg6
28. Rbe1 h3 29. gxh3 a6 30. Rxg5 Rxg5+ 31. Nxg5 Bd3 32. Rc1 Ne7 33. Bf6 Ng6 34.
c5 Rf8 35. Rc3 Bb1 36. cxb6 Rxf6 37. bxc7 Kc8 38. a4 Rf5 39. Ne6 Rxd5 40. Rc1
Bf5 41. Ng5 Rd7 42. Kf1 Nh4 43. f3 Rxc7 44. Rxc7+ Kxc7 45. Ke2 Kd6 46. Kd2 Ke7
47. a5 Kf6 48. Ne4+ Bxe4 49. fxe4 Nf3+ 50. Ke2 Nd4+ 51. Kd3 Ke5 52. h4 f3 53.
Ke3 f2 54. Kxf2 Kxe4 55. h5 Kf5 56. h4 Nb3 57. Ke3 Kf6 58. Ke4 Nxa5 59. Kd5 Kg7
60. Ke5 Nc4+ 61. Kd5 Nb6+ 62. Kc6 a5 63. Kb5 a4 64. Kb4 Kh6 65. Ka3 Kxh5 66.
Kb2 Nc4+ 67. Kc3 a3 68. Kb3 Kxh4 69. Ka2 Kg4 70. Kb1 Kf4 71. Ka1 Ke3 72. Ka2
Kd2 73. Kb3 Kd3 74. Ka2 Kc2 75. Ka1 Kb3 76. Kb1 Nd2+ 77. Ka1 Nf3 78. Kb1 Nd4
79. Kc1 a2 80. Kd2 a1=Q 81. Ke3 Qg1+ 82. Kf4 Kc4 83. Ke5 Qg5+ 84. Kd6 Qd8+ 85.
Ke5 Qf8 86. Ke4 Qf3+ 87. Ke5 Qf5+ 88. Kd6 Qe6+ 89. Kc7 Nb5+ 90. Kb7 Qf7+ 91.
Kb8 Qa7+ 92. Kc8 Qc7# {Hossa checkmated} 0-1

[Event "ICS rated blitz match"]
[Site "204.178.125.65"]
[Date "2000.08.17"]
[Round "?"]
[White "PostModernist"]
[Black "Hossa"]
[Result "0-1"]
[WhiteElo "2639"]
[BlackElo "2511"]
[PlyCount "172"]
[EventDate "2000.??.??"]

1. e4 e5 2. Bc4 Nf6 3. d3 Nc6 4. Nf3 Bc5 5. c3 d6 6. b4 Bb6 7. a4 a5 8. b5 Ne7
9. Nbd2 Ng6 10. O-O O-O 11. Ba3 Nf4 12. d4 exd4 13. Nxd4 Re8 14. Qf3 Ng6 15.
Rfe1 Ne5 16. Qf4 Nh5 17. Qe3 Qh4 18. g3 Qd8 19. Bd5 Nf6 20. f4 Neg4 21. Qd3
Nxd5 22. exd5 Nf6 23. Qc4 Bh3 24. N2f3 h6 25. Rxe8+ Qxe8 26. Re1 Qd7 27. Re3
Re8 28. Bc1 Rxe3 29. Bxe3 Qe7 30. Qd3 Nxd5 31. Bf2 Nf6 32. Nb3 Bxf2+ 33. Kxf2
Qe4 34. Qxe4 Nxe4+ 35. Ke3 Nxc3 36. Nxa5 Nxa4 37. Nxb7 Nc3 38. Nd4 Bd7 39. g4
Nxb5 40. Nxb5 Bxb5 41. h4 Kf8 42. Na5 Ke8 43. Ke4 c6 44. f5 Kd7 45. Nb3 Bc4 46.
Nd2 Be2 47. g5 hxg5 48. hxg5 Kc7 49. Nb1 Bd1 50. Kf4 Bc2 51. Na3 Bd3 52. f6
gxf6 53. Ke3 Bb5 54. gxf6 Kd7 55. Nc2 Ke6 56. Kf4 Kxf6 57. Nd4 Ba4 58. Nf5 Ke6
59. Ng7+ Ke7 60. Nf5+ Kd7 61. Kg5 Bb3 62. Nd4 Be6 63. Kf6 c5 64. Nf3 d5 65. Ke5
Ke7 66. Ng1 f6+ 67. Kf4 Kd6 68. Kf3 Bf5 69. Kf4 Bd3 70. Ke3 Be4 71. Kf4 Kc6 72.
Ne2 Kb5 73. Ke3 Kc4 74. Nf4 Kb3 75. Ne6 Kb4 76. Nc7 f5 77. Kd2 c4 78. Na6+ Kb5
79. Nc7+ Kc5 80. Ne6+ Kb4 81. Kc1 c3 82. Kd1 Kc4 83. Ng5 d4 84. Nh3 Bf3+ 85.
Kc1 d3 86. Nf2 d2+ 0-1

[Event "ICS rated blitz match"]
[Site "204.178.125.65"]
[Date "2000.08.17"]
[Round "?"]
[White "Hossa"]
[Black "PostModernist"]
[Result "0-1"]
[WhiteElo "2533"]
[BlackElo "2617"]
[PlyCount "96"]
[EventDate "2000.??.??"]

1. e4 g6 2. d4 Bg7 3. Nc3 e6 4. Nf3 d6 5. Bc4 Nd7 6. O-O a6 7. Bg5 Ne7 8. Qd2
h6 9. Bh4 b5 10. Bb3 Bb7 11. a3 c5 12. d5 c4 13. Ba2 exd5 14. Bxe7 Qxe7 15.
exd5 O-O 16. Rfe1 Qf6 17. a4 Rfe8 18. Rxe8+ Rxe8 19. Re1 Rxe1+ 20. Qxe1 Qf4 21.
axb5 Bxc3 22. bxc3 axb5 23. Nd4 Bxd5 24. Nxb5 Ne5 25. Nc7 Qg5 26. Nxd5 Nf3+ 27.
Kf1 Nxe1 28. Bxc4 Nxg2 29. Bb3 Nh4 30. Ne3 Nf3 31. h3 Qg1+ 32. Ke2 Ng5 33. h4
Ne4 34. Nd1 Qg4+ 35. f3 Ng3+ 36. Kf2 Qxh4 37. Kg2 Nh5 38. Nf2 Nf4+ 39. Kf1 Qg3
40. Bc4 Qxf3 41. Ba6 Nh3 42. Ke1 Qxf2+ 43. Kd1 Qe3 44. Be2 Nf2+ 45. Ke1 Ne4 46.
c4 Qf2+ 47. Kd1 Qg1+ 48. Bf1 Qxf1# {Hossa checkmated} 0-1

[Event "ICS rated standard match"]
[Site "204.178.125.65"]
[Date "2000.08.17"]
[Round "?"]
[White "Hossa"]
[Black "huck"]
[Result "1-0"]
[WhiteElo "2355"]
[BlackElo "2218"]
[PlyCount "115"]
[EventDate "2000.??.??"]

1. e4 e5 2. Nf3 Nc6 3. Bb5 Bc5 4. O-O Nd4 5. Nxd4 Bxd4 6. c3 Bb6 7. Na3 Nf6 8.
d4 c6 9. dxe5 Nxe4 10. Bd3 d5 11. exd6 Nxd6 12. Qh5 Be6 13. Bg5 Qd7 14. Rfd1 h6
15. Bf4 O-O-O 16. Nc4 Nxc4 17. Bxc4 Qe7 18. Bxe6+ Qxe6 19. Re1 Qd5 20. Qg4+ Qd7
21. Qxg7 Qf5 22. Qe5 Qxe5 23. Bxe5 Rhe8 24. Bf4 h5 25. g3 f5 26. h4 Bc5 27. Kg2
Re4 28. Rxe4 fxe4 29. Re1 Re8 30. Kf1 Kd7 31. b4 Bf8 32. a3 Bg7 33. c4 Bb2 34.
Rb1 Be5 35. Rd1+ Kc7 36. Bxe5+ Rxe5 37. Ke2 Rf5 38. Rd4 Rf3 39. Rxe4 Rxa3 40.
Re5 Rc3 41. c5 Rc4 42. Rxh5 Rxb4 43. Rh7+ Kd8 44. Kd3 a5 45. Kc3 Rb5 46. Kd4 a4
47. Kc4 Rb2 48. f3 Rf2 49. f4 Rf3 50. Kb4 a3 51. Rxb7 Rxg3 52. Ra7 Rg4 53. h5
Rxf4+ 54. Kxa3 Rh4 55. Rh7 Rc4 56. h6 Rxc5 57. Rg7 Rh5 58. h7 {huck resigns}
1-0

[Event "ICS rated standard match"]
[Site "204.178.125.65"]
[Date "2000.08.17"]
[Round "?"]
[White "Tinker"]
[Black "Hossa"]
[Result "0-1"]
[WhiteElo "2399"]
[BlackElo "2357"]
[PlyCount "208"]
[EventDate "2000.??.??"]

1. e4 e5 2. Bc4 Nf6 3. Nf3 Nxe4 4. d3 Nf6 5. Nxe5 d5 6. Bb3 Bd6 7. d4 Nbd7 8.
O-O O-O 9. Bf4 Nb6 10. Nc3 c6 11. Qf3 Qc7 12. a3 Re8 13. Rfe1 Nc4 14. Bxc4 dxc4
15. Bg3 Be6 16. Rab1 Rac8 17. h3 Ra8 18. Na4 Bd5 19. Qf5 Ne4 20. Rxe4 Bxe4 21.
Qxe4 f6 22. Re1 fxe5 23. dxe5 b5 24. Kf1 Be7 25. Nc3 Rad8 26. Qe3 Qb7 27. Bf4
a5 28. Qg3 Qa7 29. Bh6 Bf8 30. Bg5 Ra8 31. e6 b4 32. axb4 axb4 33. Nb1 Qa2 34.
Qe5 h6 35. Bd2 Be7 36. Kg1 Rf8 37. Rc1 Bf6 38. Qe4 Bxb2 39. Re1 c3 40. Bxh6 Qa7
41. Be3 Qe7 42. Qxc6 Ra5 43. Bd4 Raf5 44. Re4 Bc1 45. Qc4 Re8 46. Bb6 Bb2 47.
f3 Qd6 48. Bd4 Bc1 49. e7+ Rf7 50. Re6 Qd7 51. Re4 Qd6 52. Rg4 Bh6 53. Bc5 Qd1+
54. Qf1 Qxf1+ 55. Kxf1 b3 56. Na3 b2 57. Nb1 Rf5 58. Ba3 Rd5 59. Re4 Rd1+ 60.
Re1 Rc1 61. Rxc1 bxc1=Q+ 62. Bxc1 Bxc1 63. Nxc3 Rxe7 64. Nd5 Rb7 65. Ke2 Rb5
66. c4 Rb2+ 67. Kd1 Bh6 68. f4 Rxg2 69. c5 Rf2 70. Ke1 Rc2 71. c6 Kf7 72. Nb4
Rc4 73. Nd3 Bxf4 74. Ke2 Bg3 75. Kf3 Rc3 76. Ke4 Rxd3 77. Kxd3 Ke6 78. Ke4 g5
79. Kf3 Bh4 80. Ke4 Kd6 81. c7 Kxc7 82. Ke5 Kc6 83. Ke6 Kc5 84. Ke5 Kc4 85. Ke4
Kc3 86. Ke3 Kc2 87. Ke2 Kc1 88. Ke3 Kd1 89. Kf3 Ke1 90. Ke3 Kf1 91. Kf3 Kg1 92.
Kg4 Kg2 93. Kh5 Kxh3 94. Kh6 g4 95. Kg7 Be1 96. Kh8 g3 97. Kg8 g2 98. Kf7 Bb4
99. Ke6 g1=Q 100. Kf7 Kg4 101. Ke6 Qc1 102. Kd5 Kf5 103. Kd4 Qf4+ 104. Kd5 Qe4#
{Tinker checkmated} 0-1

[Event "ICS rated blitz match"]
[Site "204.178.125.65"]
[Date "2000.08.17"]
[Round "?"]
[White "LrGenius"]
[Black "Hossa"]
[Result "0-1"]
[WhiteElo "2306"]
[BlackElo "2521"]
[PlyCount "30"]
[EventDate "2000.??.??"]

1. e4 c5 2. Nf3 d6 3. d4 cxd4 4. Nxd4 Nf6 5. Nc3 a6 6. Bc4 e6 7. Bb3 b5 8. O-O
b4 9. Na4 Nxe4 10. Re1 Bb7 11. Bxe6 fxe6 12. Nxe6 Qf6 13. Ng5 Qxf2+ 14. Kh1 d5
15. Nb6 Qxb6 {LrGenius resigns} 0-1